=LDR 00000nam 2200000 4500 =001 INLIS000000000061692 =005 20221107091603 =035 ##$$a 0010-1122000073 =007 ta =008 221107###########################0###### =082 ##$$a 339.319 598 651 4 =084 ##$$a 339.319 598 651 4 Lom p =245 1#$$a Produk Domestik Regional Bruto Kabupaten Lombok Utara menurut Pengeluaran Tahun 2016-2020 /$c Badan Pusat Statistik Kabupaten Lombok Utara =260 ##$$a Lombok Utara :$b Badan Pusat Statistik Kabupaten Lombok Utara,$c 2020 =300 ##$$a viii, 74 halaman ; $c 24 cm. =650 #4$$a Produk Domestik Regional Bruto - Lombok Utara =110 ##$$a Lombok Utara. Badan Pusat Statistik =710 #$$a Badan Pusat Statistik Kabupaten Lombok Utara =990 ##$$a 26982698 =990 ##$$a 530/51/22